000 01987nam0a2200409 4500
001 RU\NLR\BIBL_A\012500774
005 20220620131144.0
010 _a978-5-91678-631-6
_d800 экз.
021 _aRU
_bКН-П-20-078450
_9КН-П-20-5935
035 _a(NLR Aleph) 012500774
035 _a(RuMoRGB)010506502
090 _a12228159
_c12228159
100 _a20210409d2021 u y0rusy50 ca
101 0 _arus
102 _aRU
105 _aa|||zzzz0||zy
181 0 _ai3
_baxxe
182 0 _an
200 1 _aЯпонская демонология
_fДарья Трынкина
_gИнститут этнологии и антропологии им. Н.Н. Миклухо-Маклая Российской академии наук
203 _aТекст
_bвизуальный
_cнепосредственный
210 _aМосква
_cЛомоносовЪ
_d2021 [т.е. 2020]
215 _a198, [1] с.
_cил.
_d22
225 1 _aИстория. География. Этнография
_fсост. Владислав Петров
300 _aВ тексте аннот авт.: к.ист.н. Д. Трынкина
300 _aФактическая дата выхода в свет - 2020
320 _aБиблиогр.: с. 184-188 и в тексте примеч.
606 _aДемонология
_yЯпония
_92407531
_3RU\NLR\AUTH\6601653994
686 1 _aЭ343-421.2
700 1 _aТрынкина
_bД. А.
_gДарья Александровна
856 4 _lVNP_ZSOCEC
_tVIEW
_uhttps://webservices.nlr.ru/viewer/file?name=a012500774_002.txt
_yАннотация
856 4 _lVNP_ZSOCEC
_tVIEW
_uhttps://webservices.nlr.ru/viewer/file?name=p012500774_003.jpg
_x001
_yСтраница
856 4 1 _lVNP_ZSOCEC
_tVIEW
_uhttps://webservices.nlr.ru/viewer/file?name=t012500774_001.jpg
_yОбложка
942 _cBOOK
980 4 _aVNP_ZSOCEC
980 _aNB